| 000 | 00935nam a22002417a 4500 | ||
|---|---|---|---|
| 003 | 0 | ||
| 005 | 20251104084627.0 | ||
| 008 | 251104b xxu||||| |||| 00| 0 eng d | ||
| 020 | _a978-971-27-3852-4 | ||
| 050 |
_aTX 724.5.P6 _b.F47 2024 |
||
| 100 |
_aFernandez, Doreen G., _eauthor. |
||
| 245 |
_aTikim : _bEssays on Philippine Food and Culture / |
||
| 250 | _aExpanded and updated edition. | ||
| 260 |
_aMandaluyong City : _bAnvil Publishing Inc., _c2024. |
||
| 300 |
_axx, 201 pages : _billustrations ; _c23 cm. |
||
| 500 | _aIncludes foreword by Alfred A. Yuson, acknowledgements, glossary, and index. | ||
| 504 | _aIncludes bibliographical references and index. | ||
| 520 | _aA collection of essays exploring the food history, customs and culture of the Philippines. | ||
| 650 |
_aFood habits _xPhilippines. |
||
| 650 |
_aPhilippines _xSocial life and customs. |
||
| 650 |
_aCooking _xCultural aspects. |
||
| 942 |
_2lcc _cBK |
||
| 999 |
_c368433 _d368433 |
||